| 000 | 00000nam 2200000za 4500 |
| 001 | 9.643272 |
| 003 | CaOODSP |
| 005 | 20210624224107 |
| 007 | cr ||||||||||| |
| 008 | 150407|2014||||xxc|||||o f|0| 0 fre d |
| 020 | |a978-0-660-22135-9 |
| 040 | |aCaOODSP|bfre |
| 043 | |an-cn--- |
| 086 | 1 |aEn14-192/2014F-PDF |
| 110 | 1 |aCanada. |bEnvironnement Canada. |
| 245 | 10|aRapport d'étape sur le Code de pratique pour la gestion du tétrabutylétain au Canada |h[ressource électronique] |
| 260 | |aOttawa - Ontario : |bEnvironnement Canada |cc2014. |
| 300 | |a6p. |
| 590 | |a14-19|b2014-05-09 |
| 691 | 07|aProduit chimique|2gcpds |
| 775 | 08|tProgress report on the Code of Practice for the management of tetrabutyltin in Canada |w(CaOODSP)9.699297 |
| 794 | |tDeuxième rapport sur le code de pratique pour la gestion du tetrabutylétain au Canada (2017) |w(CaOODSP)9.836844 |
| 856 | 40|ahttp://publications.gc.ca|qPDF|s316 Ko|uhttps://publications.gc.ca/collections/collection_2014/ec/En14-192-2014-fra.pdf |